Are You Smarter Than a College Student? XXVI Quiz Stats

Quiz Updated Nov 23, 2015

Challenge
Share
Tweet
Embed
Score 0/30 Timer 07:00
3 Plays Today
Hint Answer % Correct
Easyeggnog
94.2%
Easyreggae
91.6%
Easynuggets
89.9%
EasyShaggy
87.9%
EasyKellogg's
83.8%
Easymuggle
83.8%
EasyMaggie
80.4%
EasyArnold Schwarzenegger
78.1%
Easydagger
78%
Easyhaggis
74.3%
Mediumtrigger
70.5%
MediumJoe DiMaggio
64.1%
Mediumgaggle
63.2%
MediumBoggle
62.1%
Mediummaggot
56.7%
Hint Answer % Correct
Mediumtoboggan
55.3%
MediumSnoop Dogg
55.1%
MediumGuggenheim Museum
51.5%
MediumDuggar
50.4%
MediumPiggy
48%
HardPeter Higgs
43.6%
HardSimon Pegg
41.7%
HardThe Wiggles
35.1%
HardJuggernaut
28.7%
Harddruggist
28.2%
Hardziggurat
24.3%
HardWinnipegger
13.2%
HardHaggai
12.4%
HardYggdrasil
11.2%
HardFoggy Bottom
10.9%

You're not logged in!

Compare scores with friends on all Sporcle quizzes.
Sign Up with Email
OR
Log In

Show Comments

Extras

Top Quizzes Today


Score Distribution

Your Account Isn't Verified!

In order to create a playlist on Sporcle, you need to verify the email address you used during registration. Go to your Sporcle Settings to finish the process.